000 00793nam a2200277Ia 4500
001 49016
005 20240114003934.0
007 ta
008 090522s2002 g b000 u Ben u
020 _a81-7612-994-1
_cRs. 300.00
040 _aCotton College,Assam
041 _aBen
082 _a891.444
_bDe 494 Ma
100 _aDevi, Mahasweta .
245 0 _aMahasweta Devi Rasanasangrah (Part: 7) /
_cMahasweta Devi.
_hTextual Documents
250 _a1st ed. /
260 _aCalcutta :
_bDesh Publishing ,
_c2002.
300 _a575p. ;
_c32 cm..
365 _aRs. 300.00
500 _aIt contains the literary works of Mahasweta Devi
653 _aRef-Bengali
653 _aBengali Literature
942 _2ddc
_cBK
999 _c48981
_d48981